Normal view
MARC view
- Chao, Kuow-wa,
Entry Nombre Personal
001 - NUMERO DE CONTROL
- campo de control: 48052
003 - IDENTIFICADOR DE NUMERO DE CONTROL
- campo de control: UPN
005 - FECHA Y HORA DE LA ÜLTIMA TRANSACCIÓN
- campo de control: 20230307111025.0
008 - DATOS DE LONGITUD FIJA
- campo de control de longitud fija: 230303|| acn||aabn | a|a d
040 ## - FUENTE DE CATALOGACIÓN
- Agencia original de catalogación: MX-MxUPN
100 ## - ENCABEZAMIENTO - NOMBRE PERSONAL
- Nombre personal: Chao, Kuow-wa,
370 ## - LUGAR ASOCIADO
- Associated country: Costa Rica
371 ## - DIRECCIÓN
- Electronic mail address: kuok.chao@ucr.ac.cr
372 ## - CAMPO DE ACTIVIDAD
- Field of activity: Lenguas extranjeras. Retroalimentación correctiva. Evaluación en lenguas
373 ## - GRUPO ASOCIADO
- Associated group: Universidad de Costa Rica
670 ## - FUENTE EN LA QUE SE LOCALIZARON DATOS
- Cita de la fuente: En recurso en línea: Perfiles educativos, Vol. 45, no. 179 (2023)
- Información localizada: Página 55 (Kuok-Wa, Chao)
- Uniform Resource Identifier: https://perfileseducativos.unam.mx/iisue_pe/index.php/perfiles/article/view/60334
902 ## - CATALOGADOR
- Catalogador: BLSM/030323
